|
|
|
|
| LEADER |
03009nam a22005055i 4500 |
| 001 |
978-0-387-25111-0 |
| 003 |
DE-He213 |
| 005 |
20151204191709.0 |
| 007 |
cr nn 008mamaa |
| 008 |
100612s2006 xxu| s |||| 0|eng d |
| 020 |
|
|
|a 9780387251110
|9 978-0-387-25111-0
|
| 024 |
7 |
|
|a 10.1007/b106790
|2 doi
|
| 040 |
|
|
|d GrThAP
|
| 050 |
|
4 |
|a QC174.7-175.36
|
| 072 |
|
7 |
|a PHS
|2 bicssc
|
| 072 |
|
7 |
|a PHDT
|2 bicssc
|
| 072 |
|
7 |
|a SCI055000
|2 bisacsh
|
| 082 |
0 |
4 |
|a 621
|2 23
|
| 245 |
1 |
0 |
|a Dynamics of Spatio-Temporal Cellular Structures
|h [electronic resource] :
|b Henri Bénard Centenary Review /
|c edited by Innocent Mutabazi, José Eduardo Wesfreid, Etienne Guyon.
|
| 264 |
|
1 |
|a New York, NY :
|b Springer New York,
|c 2006.
|
| 300 |
|
|
|a X, 249 p.
|b online resource.
|
| 336 |
|
|
|a text
|b txt
|2 rdacontent
|
| 337 |
|
|
|a computer
|b c
|2 rdamedia
|
| 338 |
|
|
|a online resource
|b cr
|2 rdacarrier
|
| 347 |
|
|
|a text file
|b PDF
|2 rda
|
| 490 |
1 |
|
|a Springer Tracts in Modern Physics,
|x 0081-3869 ;
|v 207
|
| 505 |
0 |
|
|a The Context of Bénard Scientific Work and Nonlinear Science -- Scientific Biography of Henri Bénard (1874–1939) -- Bénard Cellular Structures -- Rayleigh-Bénard Convection: Thirty Years of Experimental, Theoretical, and Modeling Work -- Experiments with Rayleigh-Bénard Convection -- Rayleigh-Bénard Convection as a Model of a Nonlinear System: A Personal View -- Bénard Convection and Geophysical Applications -- Bénard-Marangoni Cellular Structures -- Bénard Layers, Overstability, and Waves -- Hydrothermal Waves in a Disk of Fluid -- Secondary Instabilities in Surface-Tension-Driven Bénard-Marangoni Convection -- Bénard and Wakes -- Wake Instabilities Behind Bluff Bodies -- Spatial Inhomogeneities of Hydrodynamic Instabilities -- Extension of Bénard’s Work -- Patterns and Chaotic Dynamics in Faraday Surface Waves -- The Taylor-Couette Flow: The Hydrodynamic Twin of Rayleigh-Bénard Convection.
|
| 520 |
|
|
|a The impact of Benard's discovery on 20th century physics is crucial to any modern research area such as fluid dynamics, nonlinear dynamics, and non-equilibrium thermodynamics, just to name a few. This centenary review shows the broad scope and development including modern applications, edited and written by experts in the field.
|
| 650 |
|
0 |
|a Physics.
|
| 650 |
|
0 |
|a Continuum physics.
|
| 650 |
|
0 |
|a Statistical physics.
|
| 650 |
|
0 |
|a Dynamical systems.
|
| 650 |
1 |
4 |
|a Physics.
|
| 650 |
2 |
4 |
|a Statistical Physics, Dynamical Systems and Complexity.
|
| 650 |
2 |
4 |
|a Classical Continuum Physics.
|
| 700 |
1 |
|
|a Mutabazi, Innocent.
|e editor.
|
| 700 |
1 |
|
|a Wesfreid, José Eduardo.
|e editor.
|
| 700 |
1 |
|
|a Guyon, Etienne.
|e editor.
|
| 710 |
2 |
|
|a SpringerLink (Online service)
|
| 773 |
0 |
|
|t Springer eBooks
|
| 776 |
0 |
8 |
|i Printed edition:
|z 9780387400983
|
| 830 |
|
0 |
|a Springer Tracts in Modern Physics,
|x 0081-3869 ;
|v 207
|
| 856 |
4 |
0 |
|u http://dx.doi.org/10.1007/b106790
|z Full Text via HEAL-Link
|
| 912 |
|
|
|a ZDB-2-PHA
|
| 950 |
|
|
|a Physics and Astronomy (Springer-11651)
|